LEADER 00653nam a2200169 i 4500 001 000000257822 003 CaOOAMICUS 005 20180329000000.0 008 180329s1862 it u000 u ita u 013 $a236730 040 $aSeMil$bita 245 10$aTomo 23. 300 $a565 p. 773 0 $aThiers, Adolphe <1797-1877>$tStoria del consolato e dell'impero di Napoleone.$dCapolago : Tipografia Elvetica : [poi]... Torino : Giuseppe Pomba : [poi]... Giuseppe Cerutti, 1845-1862.$g23$w()12383 850 $aSeMil 852 $aSeMil$W1$xVenegono$y1$m3V II 214 FA$j208168$B208168$CSeMilBibl$Z2$F221731 $8I 996 $6245$aTomo 23$9(OLS)http://semarc/title/312161 LEADER 01217nam a2200265 i 4500 001 000000148526 003 CaOOAMICUS 005 20260120092825.0 008 060308s1990 it u000 u ita u 040 $aSeMil$bita 110 2 $aChiesa Cattolica.$0(OLS)http://semarc/name/987 240 10$aLiturgia horarum.$0(OLS)http://semarc/title/457760 245 10$aLiturgia delle ore secondo il rito romano e il calendario serafico. 264 1$a[Italia] :$bFamiglie Francescane Italiane,$cstampa 1990. 300 $a1053 p. ;$c16 cm. 500 $aIn testa al front.: Ufficio Divino rinnovato a norma dei decreti del Concilio Ecumenico Vaticano 2. e promulgato da Paolo 6. 650 4$aLibri liturgici - Liturgia delle Ore - Rito romano.$0(OLS)http://semarc/subject/59247 850 $aSeMil 852 $aSeMil$W1$xVenegono$y1$m3KK I 27$j266279$B100899$CSeMilBibl$Z2$F110455 $81 910 2 $aSanta Sede. 961 $aOmaggio: Altro 996 $6245$aLiturgia delle ore secondo il rito romano e il calendario serafico$9(OLS)http://semarc/title/8030 996 $6264$a[Italia] :$bFamiglie Francescane Italiane$9(OLS)http://semarc/publisher/31603